LEADER 01509nam 2200517 a 450 001 9910778657203321 005 20230421033218.0 010 $a0-309-17557-7 010 $a1-280-21071-0 010 $a9786610210718 010 $a0-309-58917-7 010 $a0-585-00228-2 035 $a(CKB)110986584751804 035 $a(OCoLC)44955843 035 $a(CaPaEBR)ebrary10055376 035 $a(SSID)ssj0000095556 035 $a(PQKBManifestationID)11124407 035 $a(PQKBTitleCode)TC0000095556 035 $a(PQKBWorkID)10062831 035 $a(PQKB)10832365 035 $a(MiAaPQ)EBC3376291 035 $a(Au-PeEL)EBL3376291 035 $a(CaPaEBR)ebr10055376 035 $a(OCoLC)923262608 035 $a(EXLCZ)99110986584751804 100 $a19960424d1996 uy 0 101 0 $aeng 135 $aurcn||||||||| 181 $ctxt 182 $cc 183 $acr 200 10$a2020 vision$b[electronic resource] $ehealth in the 21st century : Institute of Medicine 25th anniversary symposium /$fInstitute of Medicine 210 $aWashington, D.C. $cNational Academy Press$d1996 215 $a1 online resource (132 p.) 300 $a"Institute of Medicine 25th anniversary symposium." 311 $a0-309-05488-5 606 $aHealth planning 615 0$aHealth planning. 676 $a362.1 801 0$bMiAaPQ 801 1$bMiAaPQ 801 2$bMiAaPQ 906 $aBOOK 912 $a9910778657203321 996 $a2020 vision$93853722 997 $aUNINA LEADER 02466oam 2200505Mn 450 001 9910597130103321 005 20260304110030.0 010 $a1-003-69574-4 024 7 $a10.5117/9789463723756 035 $a(CKB)5600000000508738 035 $a(oapen)https://directory.doabooks.org/handle/20.500.12854/92587 035 $a(oapen)doab92587 035 $a(OCoLC)1543523200 035 $a(OCoLC-P)1543523200 035 $a(FlBoTFG)9781003695745 035 $a(ODN)ODN0012396342 035 $a(EXLCZ)995600000000508738 100 $a20251008d2025 uy 0 101 0 $aeng 135 $aurmn|---annan 181 $ctxt$2rdacontent 182 $cc$2rdamedia 183 $acr$2rdacarrier 200 00$aFlavian responses to Nero's Rome /$fedited by Mark Heerink and Esther Meijer 210 $a[S.l.] $cROUTLEDGE$d2025 215 $a1 online resource (372 p.) 311 08$a94-6372-375-7 330 $aIn this interdisciplinary volume, a team of classicists, historians, and archaeologists examines how the memory of the infamous emperor Nero was negotiated in different contexts and by different people during the ensuing Flavian age of imperial Rome. The contributions show different Flavian responses to Nero's complicated legacy: while some aspects of his memory were reinforced, others were erased. Emphasizing the constant and diverse nature of this negotiation, this book proposes a nuanced interpretation of both the Flavian age itself and its relation to Nero's Rome. By combining the study of these strategies with architectural approaches, archaeology, and memory studies, this volume offers a multifaceted picture of Roman civilization at a crucial turning point, and as such will have something to offer anyone interested in classics, (ancient) history, and archaeology. 606 $aEuropean history$2bicssc 606 $aHistory of architecture$2bicssc 606 $aHistory of art / art & design styles$2bicssc 607 $aRome$xHistory$yFlavians, 69-96 610 $aImperial Rome, Flavian dynasty, classics, ancient history 615 7$aEuropean history 615 7$aHistory of architecture 615 7$aHistory of art / art & design styles 676 $a937.07 701 $aHeerink$b Mark$0765671 701 $aMeijer$b Esther$01877077 801 0$bOCoLC-P 801 1$bOCoLC-P 906 $aBOOK 912 $a9910597130103321 996 $aFlavian responses to Nero's Rome$94489084 997 $aUNINA